Szczegóły MARC21

La guerre est déclarée et autres nouvelles /

003 -Nazwa inst., której nr kontr. jest w polu 001 [,]
    • @
    • Nazwa instytucji, której n kontrolny jest w polu 001
    • NUKAT
005 -DATA I CZAS OSTATNIEJ MODYFIKACJI [,]
    • @
    • pole kontrolne
    • 20241231091630.0
020 -Międzynarod. znormalizowany nr książki - ISBN [ , ]
    • a
    • Numer ISBN
    • 208120228X Find
040 -Instytucja sporządzająca opis [ , ]
    • a
    • Instytucja, która sporządziła opis (NP)
    • SZCZ U/MC
    • b
    • Język katalogowania
    • pol
    • e
    • Zasady katalogowania
    • rda
    • c
    • Instytucja, która sporządziła rekord (NP)
    • SZCZ U/MCs
942 -Rodzaj dokumentu [ , ]
    • c
    • Rodzaj dokumentu
    • Książka
100 -Hasło główne - nazwa osobowa [1, ]
    • a
    • Nazwa osobowa (NP)
    • Saumont, Annie.
    • e
    • Rodzaj współpracy
    • Autor
    • 9
    • KHW
    • 686356
245 -Strefa tytułu i oznaczenia odpowiedzialności [1,3]
    • a
    • Tytuł
    • La guerre est déclarée et autres nouvelles / Find
    • c
    • Pozostałe elementy strefy tytułu i oznaczenia odpowiedzialności (NP)
    • Annie Saumont ; présentation, notes et dossier par Jean Vattement.
250 -Strefa wydania [ , ]
    • a
    • Oznaczenie wydania (NP)
    • Édition revue.
260 -Strefa adresu wydawniczego [ , ]
    • a
    • Miejsce wydania (P)
    • Paris :
    • b
    • Nazwa wydawcy (P)
    • Flammarion,
    • c
    • Data wydania (P)
    • 2006.
300 -Strefa opisu fizycznego [ , ]
    • a
    • Określenie formy książki i/lub objętość (NP)
    • 113 stron :
    • b
    • Oznaczenie ilustracji (NP)
    • ilustracje ;
    • c
    • Format (NP)
    • 18 cm.
336 -Typ zawartości [ , ]
    • a
    • Termin opisujący typ zawartości
    • Tekst
    • b
    • Kod określający zawartość
    • txt
    • 2
    • Źródło (terminu i kodu)
    • rdacontent
337 -Typ mediów [ , ]
    • a
    • Tryb odtwarzania
    • Bez urządzenia pośredniczącego
    • b
    • Kod typu mediów
    • n
    • 2
    • Źródło (terminu i kodu)
    • rdamedia
338 -Typ/rodzaj nośnika [ , ]
    • a
    • Hasło opisujące typ nośnika
    • Wolumin
    • b
    • Kod typu nośnika
    • nc
    • 2
    • Źródło (terminu i kodu)
    • rdacarrier
490 -Strefa serii i książki wielotomowej - forma nie do wyszukiwania [1, ]
    • a
    • Tytuł (P)
    • Étonnants Classiques, Find
    • x
    • ISSN (NP)
    • 1269-8822 ;
    • v
    • Numeracja (P)
    • 223
830 -Hasło dodatkowe serii i opisu książki wielotomowej - tytuł ujednolicony/tytuł [ ,0]
    • a
    • Tytuł ujednolicony/tytuł (NP)
    • GF.
    • p
    • Nazwa części/podserii/sekcji (P)
    • Étonnants Classiques
    • x
    • ISSN
    • 1269-8822
    • v
    • Oznaczenie tomu (NP)
    • 223
    • 9
    • KHW
    • 616323
500 -Uwaga ogólna [ , ]
    • a
    • Uwaga ogólna (NP)
    • Na dole okładki: texte intégral.
080 -Uniwersalna Klasyfikacja Dziesiętna [ , ]
    • 2
    • Identyfikator wydania tablic
    • UDC-P058
    • a
    • Symbol klasyfikacji
    • 821.133.1-3A/Z
    • b
    • Dopowiedzenie
    • Literatura francuska. - Powieści, nowele, opowiadania.
    • x
    • Poddział wspólny
    • (081.2)
    • b
    • Dopowiedzenie
    • (Dzieła wybrane jednego autora).
    • x
    • Poddział wspólny
    • =133.1
    • b
    • Dopowiedzenie
    • =Język francuski.
080 -Uniwersalna Klasyfikacja Dziesiętna [ , ]
    • 2
    • Identyfikator wydania tablic
    • UDC-P058
    • a
    • Symbol klasyfikacji
    • 821.133.1(091)A/Z
    • b
    • Dopowiedzenie
    • Literatura francuska (historia). - Opracowanie krytyczne.
    • x
    • Poddział wspólny
    • "19"
    • b
    • Dopowiedzenie
    • XX wiek.
    • x
    • Poddział wspólny
    • =133.1
    • b
    • Dopowiedzenie
    • =Język francuski.
655 -Hasło w funkcji tematu formalnego [ ,7]
    • a
    • Hasło
    • Literatura francuska
    • y
    • Określnik chronologiczny
    • 20 w.
    • 2
    • Źródło terminu
    • kaba
    • 9
    • KHW
    • 117233
980 -Symbol UKD [ , ]
    • a
    • UKD
    • 821.133.1-3(081.2)+821.133.1(091)]"19"Saumont A.=133.1
700 -Hasło dodatkowe - nazwa osobowa [1, ]
    • a
    • Nazwa osobowa (NP)
    • Vattement, Jean. Find
    • e
    • Określenie rodzaju współpracy
    • Redakcja
    • 9
    • KHW
    • 686357
710 -Hasło dodatkowe - nazwa ciała zbiorowego [2, ]
    • a
    • Nazwa ciała zbiorowego lub nazwa geograficzna jako pierwszy element (NP)
    • Flammarion.
    • e
    • Rodzaj współpracy
    • Wydawca
    • 4
    • Kod relacji
    • pbl
    • 9
    • KHW
    • 56899
920 -ISBN [ , ]
    • a
    • ISBN
    • 2-08-120228-X Find
Data inwentaryzacji Lokalizacja Status udost. Numer inwentarzowy Sygnatura
2008-09-25BM1A.8004FR. Lit. franc. XX-XXI w. 10